[Event "FRA-ch"]
[Site "Val d'Isere"]
[Date "2002.08.20"]
[Round "2"]
[White "Bauer, Christian"]
[Black "Bacrot, Etienne"]
[Result "0-1"]
[WhiteElo "2550"]
[BlackElo "2653"]
[Annotator "Bacrot,E"]
[PlyCount "94"]
[EventDate "2002.08.19"]
[EventType "tourn"]
[EventRounds "11"]
[EventCountry "FRA"]
[EventCategory "13"]
[SourceTitle "CBM 091"]
[Source "ChessBase"]
[SourceDate "2002.11.12"]
[SourceVersion "1"]
[SourceVersionDate "2002.11.12"]
[SourceQuality "1"]

1. d4 d5 2. c4 c6 3. Nf3 Nf6 4. Nc3 a6 {Ce coup devient une des armes
principales contre la slave. Kasparov est un nouvel adepte de cette variante.}
5. Bf4 {Une surprise. Christian traite l'ouverture de maniere originale. 5.c5
et 5.a4 sont les coups principaux.} dxc4 6. a4 Nd5 7. Qd2 Nxf4 {J'ai depen se
environ 45 minutes sur mes 3 derniers coups et je pense que la variante est
egale. 7...Ff5 est jouable.} (7... Bf5 $5 8. e4 Nxc3 9. exf5 Ne4 10. Qc2 Qa5+
11. Nd2 $13) 8. Qxf4 Qd6 9. Qxd6 ({Durant la partie, je redoutais plutot} 9.
Qd2 $1 Nd7 10. e3 e5 (10... Qg6 11. Bxc4 $1 Qxg2 12. Ke2 $44 Nb6 $2 13. Bxf7+
$1 Kxf7 14. Rhg1 $18) 11. Bxc4 exd4 12. exd4 Nb6 $1 {Ce coup precis permet aux
noirs d'egaliser} 13. Bb3 Be7 $11) 9... exd6 10. e4 Be6 (10... f5 $5 {Fritz
propose ce coup inhabituel} 11. d5 fxe4 12. Nd2 $13) 11. d5 cxd5 12. exd5 Bf5 {
Je ne force pas les blancs a prendre le pion "c4" avec le Cf3} (12... Bg4 $6
13. Nd2 Nd7 14. Nxc4 $14) 13. Nd4 Bg6 {Les blancs doivent profiter
immediatement de leur avantage de developpement, sinon, grace aux deux fous,
les noirs vont etre mieux.} 14. h4 (14. f4 Be7 $1 15. f5 Bf6 $15) 14... h5 15.
Kd2 Be7 16. Re1 Kd8 17. Bxc4 Bf6 18. Nb3 $6 ({Les blancs pouvaient chercher
l'egalite par} 18. Nde2 Nd7 19. Nf4 $13) 18... Nd7 19. Na5 $6 (19. Bd3 $1 {
est necessaire} Bxd3 20. Kxd3 Ne5+ 21. Kc2 Rc8 {les blancs egalisent grace a
la manoeuvre 22.Cd2 suivi de 23.Cde4}) 19... Kc7 20. Bd3 Bxd3 21. Kxd3 Nc5+ 22.
Kc2 Rae8 {La position est deja critique pour les blancs et Christian va faire
le meilleur choix.} 23. b4 $1 Bxc3 24. Kxc3 Nxa4+ 25. Kd4 Nb6 26. Rc1+ $1 Kb8 (
26... Kd7 27. Nxb7 Re5 28. Nc5+ $3 $11) 27. Rhe1 {Pour le pion sacrifie les
blancs ont obtenu une position active, l'avantage materiel noir n'est pas
facile a convertir.} Nc8 28. Nc4 Rhf8 {Ce coup est inutile, mais il me restait
peu de temps et les blancs ne peuvent ameliorer leur position.} 29. g3 g6 30.
Kd3 Rxe1 $1 {Le seul moyen de progresser} 31. Rxe1 Kc7 32. Kd4 Kd7 {La menace
est Te8} 33. Na5 Ne7 $1 34. Rb1 (34. Nxb7 $2 Rb8 $19) 34... b5 {34...Tc8 est
egalement suffisant} 35. Rc1 Rc8 36. Rxc8 Nxc8 $2 {Avec une minute a la
pendule je ne choisis pas le placement ideal des pieces, mais neanmoins la
finale reste gagnante.} (36... Kxc8 37. Nb3 (37. Nc6 Nxc6+ 38. dxc6 Kc7 39. Kd5
f6 40. f3 g5 $19) 37... Kc7 38. Ke4 Kb6 39. Na5 {Le roi en b6 empeche le
cavalier blanc de s'eloigner a cause de "a6-a5", le cavalier "e7" fait
pression sur le pion "d5", le roi blanc reste donc en "e4 ou "d4". C'est le
bon moment pour creer une faiblesse a l'aile roi.} f6 $1 (39... f5+ $2 {
Une idee interessante mais qui laisse du contre-jeu.} 40. Kd4 f4 41. Ke4 fxg3
42. fxg3 Ng8 43. Kf4 Nf6 44. Kg5 $132 Nxd5 45. Kxg6 Nxb4 46. Nb3 $13) 40. Nb3
g5 $19 {les blancs ne peuvent tenir} 41. Na5 f5+ 42. Kd4 gxh4 43. gxh4 Ng6 $19)
37. Nb3 Kc7 38. f3 $5 {La meilleure chance. Sinon les noirs procedent comme
dans l'analyse de 36...Rxc8} Ne7 39. g4 f5 $1 {Un coup difficile a jouer en
zeitnot.} 40. g5 {Les blancs menacent de fermer l'aile roi et d'egaliser par
41.f4.} (40. gxh5 gxh5 41. Na5 Ng6 42. Ke3 Nxh4 43. Kf4 Ng6+ 44. Kxf5 Ne7+ $19)
40... f4 $1 {La derniere precision avant le controle de temps. Le pion "h4" va
tomber et les blancs n'ont pas de contre-jeu.} 41. Ke4 Kb6 42. Na5 Nf5 43. Kxf4
(43. Nc6 Nxh4 44. Ne7 (44. Nd4 Ng2 $19) 44... a5 $19) 43... Nxh4 44. Nc6 Nf5
45. Ke4 h4 46. f4 h3 47. Kf3 Ne3 0-1

[Event "YUG-chT"]
[Site "Budva"]
[Date "1996.??.??"]
[Round "6"]
[White "Beliavsky, Alexander G"]
[Black "Simic, Radoslav"]
[Result "1-0"]
[WhiteElo "2615"]
[BlackElo "2490"]
[Annotator "Beliavsky,A"]
[PlyCount "105"]
[EventDate "1996.??.??"]
[EventType "team"]
[EventRounds "6"]
[EventCountry "YUG"]
[SourceTitle "CBM 053"]
[Source "ChessBase"]
[SourceDate "1996.08.01"]
[SourceVersion "1"]
[SourceVersionDate "1996.08.01"]
[SourceQuality "1"]

1. Nf3 {Chekhov} d5 2. d4 c6 3. c4 Nf6 4. Nc3 a6 5. Ne5 Nbd7 (5... g6 $6 {
Chekhov} 6. Bf4 Bg7 7. e3 O-O 8. Be2 Nbd7 9. O-O $14 {Mochalov,E-Chekhov,V/
Orel/1995/0,5/20/}) 6. Bf4 (6. cxd5 {Chekhov} Nxe5 (6... cxd5 7. Bf4 e6 8. e3
b5 9. Bd3 Bb7 10. O-O Be7 11. a4 b4 12. Na2 O-O 13. Nc1 Nxe5 14. dxe5 Nd7 15.
Nb3 Rc8 16. Qe2 Qb6 17. a5 Qa7 18. Rfc1 $14 {Gelfand,B-Shirov,A/Chalkidiki/
1993/1|0/39/}) 7. dxe5 Nxd5 8. e4 Nxc3 9. Qxd8+ Kxd8 10. bxc3 e6 11. a4 Kc7 12.
h4 Bd7 13. a5 h6 14. Rh3 Be7 15. Rf3 Raf8 16. h5 c5 $132 {Dizdar,G-Schandorff,
L/Moscow/1994/0,5/26/}) 6... e6 (6... dxc4 $5 {Chekhov} 7. Nxc4 b5 8. Ne5 $13 {
Itkis,B-Komliakov,V/Nikolaev/1995/0,5/8/}) 7. e3 Be7 (7... Nxe5 $5 {Chekhov} 8.
Bxe5 Bd6 9. Bxd6 Qxd6 10. c5 Qe7 11. f4 O-O 12. Bd3 b6 13. cxb6 (13. b4 $5 $14)
13... c5 14. O-O cxd4 15. exd4 Qb4 $132 {Gavrikov,V-Nikolic,P/Horgen/1994/0|1/
46/}) 8. Bd3 Nxe5 9. Bxe5 O-O 10. O-O dxc4 (10... b5 11. c5 (11. cxd5 {Chekhov}
cxd5 12. a4 bxa4 (12... b4 $5) 13. Nxa4 a5 14. Qe2 Bd6 15. f4 Bb4 16. Rac1 $16
{Borovikov,V-Koutsin,S/Nikolaev/1995/1|0/26/}) 11... Nd7 12. Bg3 e5 13. Bxe5
Nxe5 14. dxe5 Bxc5 15. Qc2 h6 16. Ne2 Qe7 17. Rac1 $16) 11. Bxc4 b5 12. Bd3 Bb7
13. Qc2 (13. Qf3 $5 Qb6 14. Bxf6 Bxf6 15. Ne4 Be7 16. Rfc1 c5 $6 17. Qh3 g6 18.
Nxc5) 13... h6 14. Rfd1 Qb6 15. Bxf6 gxf6 (15... Bxf6 $32 16. Ne4 Be7 17. Rac1
Rfd8 (17... Rac8 {Chekhov} 18. Nc5 $16) 18. Qb3 $16) 16. Ne4 Rfd8 17. Rac1 Rd5
18. Be2 Rad8 19. Bf3 R5d7 20. b4 (20. h3 $32) (20. Nc5 {Chekhov} Bxc5 21. Qxc5
Qxc5 22. Rxc5 e5 $1 23. Bxc6 Bxc6 24. Rxc6 exd4 25. Rxf6 dxe3 26. Rxd7 exf2+ $6
(26... Rxd7 $5 27. fxe3 Kg7 28. Rxa6 (28. Rf3 Rd2 29. Rf2 Rd1+ 30. Rf1 Rd2 $10)
28... Rd1+ 29. Kf2 Rd2+ 30. Kf3 Rxb2 31. h4 b4 $14) 27. Kxf2 Rxd7 28. Ke3 $16)
20... a5 21. a3 axb4 22. axb4 f5 23. Nc5 Bxc5 24. bxc5 $5 (24. Qxc5 Qxc5 25.
Rxc5 Ra8 (25... Rc7 26. h3 Ra8 27. d5 exd5 28. Rdxd5 Ra4 29. Rd4 $16) 26. Bxc6
Bxc6 27. Rxc6 Ra4 28. Rb1 Rda7 29. Rcc1 Ra2 30. g3 Rd2 31. Rc5 Raa2 32. Rf1
Rab2 33. Rxb5 Rb3 34. Rb7 Kg7 35. Kg2 Rdb2 36. Rc1 Rxb4 37. Rxb4 Rxb4 38. Rc5
$16) 24... Qc7 25. h3 (25. Ra1 $5 {Chekhov}) 25... Ra8 26. g4 f4 (26... fxg4 {
Chekhov} 27. hxg4 Kg7 28. Kg2 Qa5 29. Rh1 $16) 27. Qe4 fxe3 28. Qxe3 Qd8 (28...
Kg7 29. g5 $16 (29. Qe5+ {Chekhov} Qxe5 30. dxe5 Rxd1+ 31. Rxd1 $16) 29... Rh8
30. d5 exd5 31. Qd4+ Kg8 32. Re1 Qd8 33. Bg4 Re7 34. Qf6 Rxe1+ 35. Rxe1 Qxf6
36. gxf6 Kf8 37. Re7 $18) 29. Qxh6 Rxd4 30. Kg2 $1 {/\Be4} Rxd1 31. Rxd1 Qf8
32. Qg5+ Qg7 33. Qe7 $18 Rb8 34. Rd7 (34. Qc7 Qf8 35. Rd7 b4 36. Rxf7 Qxf7 37.
Qxb8+ Kg7 38. Qe5+ Qf6 39. Qc7+ Qf7 40. Qb6 $18) 34... Ba8 35. g5 Rf8 (35... b4
{Chekhov} 36. h4 b3 37. Rd8+ Rxd8 38. Qxd8+ Qf8 39. Qxf8+ Kxf8 40. h5 b2 41.
Be4 Bb7 42. Kf3 Ba6 43. Ke3 Bc4 44. Bb1 $18) 36. h4 b4 37. h5 b3 38. Rd8 $2 (
38. Be4 Qe5 39. Bg6 Qf4 40. h6 Qg4+ 41. Kf1 Qh3+ (41... Qc4+ 42. Bd3 $18) 42.
Ke1 Qc3+ 43. Ke2 Qb2+ 44. Kf1 Qc1+ 45. Kg2 $18) 38... Rxd8 (38... b2 {Chekhov}
39. h6 Rxd8 40. hxg7 b1=Q 41. Qxd8+ Kxg7 42. Qxa8 $18) 39. Qxd8+ Qf8 40. Qb6 (
40. Qxf8+ {Chekhov} Kxf8 41. h6 Bb7 42. Be4 Ba6 43. Kf3 Bc4 44. Ke3 b2 45. Bb1
$18) 40... Qg7 41. Qb8+ Qf8 42. Qe5 (42. Qxb3 {Chekhov} Qxc5 43. Qb8+ Qf8) (42.
Qxf8+ $18 {Chekhov}) 42... Qg7 43. Qxg7+ Kxg7 44. h6+ Kg6 45. Be4+ f5 46. gxf6+
Kxf6 (46... Kxh6 47. Kg3 e5 48. Kg4 (48. f4 Bb7 49. fxe5 Bc8 50. Kf4 b2 51. Ke3
Be6 52. Bb1 Kg5 $10) 48... Bb7 49. Kf5 Bc8+ 50. Kxe5 b2 51. Kd6 $18) 47. Kf3
Bb7 48. Ke3 e5 49. Kd2 Bc8 50. Bxc6 Kg6 51. Bd5 Kxh6 52. Kc3 Bf5 (52... Kg5 53.
Kxb3 Kf6 (53... Kf4 54. f3 $18) 54. Kb4 Ke7 55. Ka5 Kd8 56. Kb6 $18) 53. f3 (
53. f3 Kg5 54. Kxb3 Kf6 55. Kb4 Ke7 56. Kb5 Kd8 57. Kb6 Bc8 58. c6 Ke7 59. c7
Kd6 60. Be4 Ke7 61. Ka7 Kd6 62. Kb8 $18) 1-0

[Event "Katowice op"]
[Site "Katowice"]
[Date "1995.??.??"]
[Round "3"]
[White "Wojtkiewicz, Aleksander"]
[Black "Krivoshey, Sergei"]
[Result "1-0"]
[WhiteElo "2530"]
[BlackElo "2420"]
[Annotator "Belov,I"]
[PlyCount "103"]
[EventDate "1995.??.??"]
[EventType "swiss"]
[EventRounds "9"]
[EventCountry "POL"]
[SourceTitle "EXT 2000"]
[Source "ChessBase"]
[SourceDate "1999.11.16"]
[SourceVersion "1"]
[SourceVersionDate "1999.11.16"]
[SourceQuality "1"]

1. Nf3 d5 2. d4 Nf6 3. c4 c6 4. Nc3 a6 5. c5 Nbd7 6. Bf4 g6 7. h3 Bg7 8. e3 Ne4
(8... O-O 9. Be2 Ne8 10. O-O Nc7 11. Bg3 (11. b4 Re8 12. Qd2 e5 13. Nxe5 Nxe5
14. dxe5 Bxe5 15. Bxe5 Rxe5 $10 {Gelfand,B-Shirov,A/Linares/1994/0,5/57/})
11... Re8 (11... e5 12. dxe5 Nxc5 13. Rc1 N7e6 14. b4 Nd7 15. e4 d4 16. Nxd4
Nxd4 17. Qxd4 Nxe5 18. Qxd8 Rxd8 19. Na4 $14 {Bareev,E-Tukmakov,V/Tilburg/1994/
0,5/43/}) 12. Na4 f6 13. Qb3 Kh8 14. Rad1 Nb5 15. Qc2 $14 {Salov,V-Magem
Badals,J/Madrid/1994/}) 9. Nxe4 (9. Qc2 Nxc3 (9... f5 10. Be2 O-O 11. O-O Re8
12. b4 e5 13. dxe5 Nxe5 14. Nxe5 Bxe5 15. Bxe5 Rxe5 16. Rfd1 $14) 10. Qxc3 O-O
11. Be2 f6 12. O-O Re8 13. Bg3 e5 $14) 9... dxe4 10. Ng5 e5 $5 (10... Nf6 11.
Qc2 Bf5 12. g4 h6 13. Nxf7 Kxf7 14. gxf5 gxf5 15. Bc4+ e6 (15... Nd5 16. Rg1 e6
17. O-O-O $16) 16. Rg1 $16) 11. dxe5 Qa5+ (11... Nxe5 12. Qxd8+ Kxd8 13. Bxe5
Bxe5 14. Nxf7+ $18) 12. Qd2 Qxd2+ 13. Kxd2 Nxc5 (13... Nxe5 14. Nxe4 $16) 14.
Rc1 Nd3 (14... Nd7 15. e6 $16) (14... Ne6 15. Nxe4 Nxf4 16. exf4 $16) 15. Bxd3
exd3 16. Kxd3 O-O 17. Ke2 f6 $1 18. exf6 (18. Nf3 Re8 19. exf6 Bxf6 20. b3 a5
$14) 18... Bxf6 19. b3 Bxg5 20. Bxg5 Be6 $14 21. Rhd1 a5 $132 22. Rd4 (22. Rd6
Rfe8 23. Rc2 a4 24. b4 a3 $14) 22... Rf5 23. Rd8+ $6 (23. Bf4 a4 24. g4 Rb5 25.
b4 a3 26. e4 Ra4 27. Bd2 g5 $14) 23... Rxd8 24. Bxd8 Kf7 25. e4 Rb5 26. Rc2 a4
27. bxa4 Rb4 28. Ke3 Rxa4 $10 29. f4 h5 (29... Rxa2 30. Rxa2 Bxa2 31. Bb6 h5
32. g4 hxg4 33. hxg4 Bb3 34. f5 Bc2 35. Kf4 Bb1 36. e5 gxf5 37. gxf5 Ba2 38.
Ke3 (38. Bd8 b5 39. Ke3 Bd5 40. Kd4 b4 $10) 38... Bb3 (38... Bb1 $2 39. e6+ Kf6
40. Bd8+ Kxf5 41. e7 $18) 39. Kd4 Ba2 40. Kc5 Ke7 41. Bc7 Bb1 42. Bd6+ Ke8 $10)
30. Bg5 Bxa2 $6 (30... Rxa2 31. Rxa2 Bxa2 32. g4 hxg4 33. hxg4 c5 34. f5 b5 35.
Kf4 Bb1 $10) 31. Rb2 b5 32. g4 Bc4 (32... hxg4 33. hxg4 Bc4 34. f5 gxf5 35.
gxf5 Ra3+ 36. Kf4 c5 37. Rh2 $16) 33. gxh5 gxh5 34. f5 $16 Ra3+ 35. Kf4 Rxh3 $6
(35... Rd3 36. e5 Rd4+ 37. Ke3 Rd5) 36. Rd2 Rd3 37. Rh2 b4 38. Rxh5 Kg8 39. Bf6
Rd1 40. Rh8+ Kf7 41. Rh7+ $1 Kf8 (41... Kxf6 42. e5#) 42. Rb7 b3 43. e5 Re1 44.
Kg5 Re2 45. Kg6 Ke8 46. e6 $18 Bxe6 47. Re7+ Kf8 48. Rxe6 Rg2+ 49. Bg5 b2 50.
Re1 c5 51. Rd1 Re2 52. f6 (52. f6 c4 53. Rd8+ Re8 54. Bh6+ Kg8 55. Rxe8#) 1-0

[Event "Linares 13th"]
[Site "Linares"]
[Date "1995.03.10"]
[Round "8"]
[White "Sokolov, Ivan"]
[Black "Dreev, Alexey"]
[Result "1/2-1/2"]
[WhiteElo "2645"]
[BlackElo "2650"]
[Annotator "Belov,I"]
[PlyCount "65"]
[EventDate "1995.03.01"]
[EventType "tourn"]
[EventRounds "13"]
[EventCountry "ESP"]
[EventCategory "17"]
[SourceTitle "CBM 046"]
[Source "ChessBase"]
[SourceDate "1995.06.01"]
[SourceVersion "1"]
[SourceVersionDate "1995.06.01"]
[SourceQuality "1"]

1. d4 {Hertneck} d5 2. c4 c6 3. Nf3 Nf6 4. Nc3 a6 5. c5 Nbd7 (5... Bf5 6. Bf4
Nbd7 7. e3 g6 8. h3 Bg7 9. Be2 Ne4 10. O-O O-O 11. Na4 (11. Qb3 $142) 11... f6
12. Bh2 e5 $10 {Illescas Cordoba,M-Magem Badals,J/Madrid/1994/1:0/40/}) (5...
g6 6. Bf4 Nh5 7. Be5 $1 f6 8. Bg3 Bg7 9. e4 Nxg3 $6 (9... dxe4 10. Nxe4 Be6 $14
) 10. hxg3 dxe4 11. Nxe4 Be6 12. Qc2 Qa5+ 13. Nc3 Bf7 14. O-O-O b6 15. Nd2 b5 {
Gelfand,B-Shirov,A/Chalkidiki(m/2)/1993/0,5/28/} 16. Nb3 Qc7 17. Be2 Nd7 18.
Bf3 $16 {Gelfand}) 6. Bf4 (6. h3 Qc7) 6... g6 (6... Nh5 7. e3 (7. Bd2 g6 8. e4
(8. g3 e5 9. dxe5 Nxc5 10. Bg2 Bg7 11. O-O O-O $10) 8... dxe4 9. Nxe4 Ndf6 10.
Nc3 Bg4 11. Be3 Ng7 12. Bc4 Be6 13. Be2 Nf5 14. Bf4 Nd5 15. Be5 f6 16. Bg3 h5
17. Bd3 Nb4 18. Bxf5 Bxf5 19. O-O g5 20. h4 g4 21. Ne1 {Sherbakov,R-Ivanov,V.L.
/RUS-ch/1994/0,5/21/}) 7... Nxf4 8. exf4 g6 (8... Qc7 9. g3) 9. Bd3 Bg7 10. Ne5
Qc7 11. h4 f6 12. Nxd7 Bxd7 13. f5 Qf4 14. fxg6 Qxd4 15. gxh7 Qxc5 16. Bg6+ Kd8
17. Qd2 f5 $13 {Tregubov,P-Ivanov,V.L./RUS-ch/1994/0,5/46/}) 7. e3 (7. h3 Bg7
8. e3 O-O 9. Be2 (9. Bd3 Ne8 10. O-O Nc7 11. Bg3 Re8 12. Bh4 Bf6 13. Bxf6 exf6
14. e4 $14 {van Wely,L-Paunovic,T/Hania/1993/}) 9... Ne8 10. O-O Nc7 11. Bg3 (
11. b4 Re8 12. Qd2 e5 13. Nxe5 Nxe5 14. Bxe5 Bxe5 15. dxe5 a5 16. a3 Rxe5 17.
e4 $14 {Shirov,A-Bologan,V/BL/9293/}) 11... e5 $6 (11... Re8 12. Na4 f6 13. Qb3
Kh8 14. Rad1 Nb5 15. Qc2 e5 16. dxe5 fxe5 17. e4 d4 18. Ne1 Nc7 19. Nd3 $14 {
Salov,V-Magem Badals,J/Madrid/1994/}) 12. dxe5 $1 Nxc5 13. Rc1 N7e6 (13... Qe7
14. Bh4 f6 15. exf6 Bxf6 16. Bxf6 Rxf6 $142 $14) 14. b4 Nd7 15. e4 $16 {
Bareev,E-Tukmakov,V/Tilburg/1994/0,5/43/}) 7... Nh5 8. Bg5 (8. Bd3 Nxf4 9. exf4
Bg7 10. O-O O-O 11. Re1 $14) 8... Bg7 (8... h6 {Hertneck} 9. Bh4 g5 10. Nd2 $1
Ndf6 11. Bg3 (11. Be2 $6 gxh4 12. Bxh5 Rg8 13. Bf3 e5 $1 $36 14. dxe5 Ng4)
11... Nxg3 12. hxg3 Bg7 $13) 9. Nd2 Nhf6 10. Be2 (10. f4 $142 $1 {Hertneck Why
didn't Ivan secure his centre?}) 10... e5 11. O-O O-O $10 12. b4 Re8 13. Nb3
Nf8 (13... h6 {Hertneck} 14. Bh4 exd4 $13) 14. dxe5 (14. Bh4 Bf5 15. Bg3 e4 $10
) 14... Rxe5 15. Bh4 h5 16. Rc1 (16. e4 $2 {Hertneck} Qe8 $1) 16... Re8 17. e4
$6 (17. Nd4 Ne6 $10) 17... dxe4 18. Qxd8 Rxd8 19. Nxe4 Nxe4 $1 {Hertneck: A
strong exchange sac, after which I would prefer rather Black`s position.} 20.
Bxd8 Nc3 21. Rce1 (21. Rxc3 Bxc3 22. Ba5 Be6 23. Rd1 Re8 $15) (21. Rfe1 {
Hertneck} Nxa2 22. Rcd1 Nxb4) (21. Bc4 {Hertneck} Be6 22. Bxe6 Ne2+ 23. Kh1
Nxc1 24. Rxc1 Rxd8 25. Bc4 Bc3 $1) 21... Nxa2 22. Ba5 Be6 23. Nd2 Bc3 $15 24.
Ne4 $5 (24. Rd1 Bxb4 25. Bxb4 Nxb4 26. Ne4 Nd7 27. Rb1 a5 28. Rfc1 Bf5 29. Bf3
Ne5 $15) 24... Bxb4 $1 (24... Bxe1 25. Rxe1 Nd7 (25... Bd5 {Hertneck} 26. Nd6
Nc3 27. Bf1 $13) 26. Nd6 Rb8 27. Bc7 Ra8 28. Ba5 $10) 25. Bxb4 Nxb4 26. Ra1 $1
Nc2 (26... Nd7 $2 27. Rfb1 a5 28. Rxb4) 27. Ra4 (27. Rac1 $5 Nd4 28. Bc4) 27...
Bb3 28. Ra5 Nd4 29. Bd3 (29. Bd1 Bc4 30. Re1 Nfe6 $15) 29... Nfe6 30. Nd6 Nf4
31. Be4 (31. Bc4 Bxc4 32. Nxc4 Nb3 $17) 31... f5 32. Bb1 Rd8 $1 $15 33. Re1 (
33. Nxb7 Nde2+ 34. Kh1 Rd2 35. Rxa6 Bd5 36. f3 Nc3 $36) (33. Re1 b6 $1 34. Rxa6
bxc5 35. Re8+ Rxe8 36. Nxe8 c4 $15) 1/2-1/2

[Event "Rostov on Don op"]
[Site "Rostov on Don"]
[Date "1993.??.??"]
[Round "?"]
[White "Poluljahov, Aleksandr"]
[Black "Moskalenko, Viktor"]
[Result "0-1"]
[WhiteElo "2515"]
[BlackElo "2555"]
[Annotator "Belov,I"]
[PlyCount "74"]
[EventDate "1993.05.??"]
[EventType "swiss"]
[EventRounds "9"]
[EventCountry "RUS"]
[SourceTitle "CBM 036"]
[Source "ChessBase"]
[SourceDate "1993.10.01"]
[SourceVersion "1"]
[SourceVersionDate "1993.10.01"]
[SourceQuality "1"]

1. Nf3 d5 2. d4 c6 3. c4 Nf6 4. Nc3 a6 5. e3 b5 6. b3 Bg4 7. h3 (7. Be2 Nbd7 8.
O-O e6 9. h3 Bh5 10. Ne5 Bxe2 11. Nxe2 dxc4 $1 (11... Nxe5 12. dxe5 Nd7 13.
cxd5 $1 cxd5 14. Bb2 Bc5 15. Nf4 O-O 16. Qg4 $14 {Belov,I-Zapolskis,A Karvina
1993 Inf 56/418/}) 12. Nxd7 (12. f4 $5 $44) 12... Qxd7 13. bxc4 c5 14. Bb2 cxd4
15. Bxd4 bxc4 $10 {Neverov,V-Komljakov,V Nikolaev 1993/}) 7... Bxf3 (7... Bh5
8. g4 Bg6 9. Ne5 $14) 8. Qxf3 $6 (8. gxf3 e6 9. c5 Nbd7 10. f4 g6 11. Bd3 Nh5
12. Bb2 a5 13. Qc2 Bg7 14. O-O-O $14 {Sakaev,K-Rublevsky,S S-Peterburg 1993
Inf 56/420/}) 8... e5 $1 $146 (8... bxc4 9. bxc4 e5 10. Rb1 $1 (10. Bd2 Bb4 11.
c5 $13 Nbd7 $13) 10... Nbd7 (10... Qa5 11. Qf5 $1 Nbd7 12. Bd2 Bb4 13. Rxb4
Qxb4 14. Nxd5 $44 {Chernin/}) 11. Bd2 Qe7 12. Be2 Qe6 13. cxd5 cxd5 14. e4 $1
$16 {Chernin,A-Gavrikov,V Tilburg 1992 Inf 56/419/}) 9. dxe5 $6 (9. Qd1 $5) (9.
Bd2) 9... Bb4 10. Bd2 Bxc3 11. Bxc3 Ne4 12. Bb4 bxc4 13. bxc4 Qb6 14. a3 a5 15.
cxd5 (15. e6 Ra7 $1 16. cxd5 cxd5 17. Rc1 Nc6 18. exf7+ Rxf7 19. Qg4 Nd8 20.
Bc3 O-O $19 {Ovseevich,S-Komljakov,V Nikolaev 1993/}) 15... cxd5 $17 16. Bd6 (
16. Bd2 Qb2 (16... Nxd2 17. Qxd5 $1 $13) 17. Rd1 Nd7 $17) 16... Qb2 17. Rd1
Qc3+ 18. Ke2 Nd7 19. Rxd5 (19. g4 Rc8 20. Bg2 Nxe5 21. Bxe5 $8 Qxe5 $19) 19...
Qc4+ 20. Rd3 Rc8 21. Ke1 Qc1+ 22. Rd1 (22. Qd1 Qb2 23. Qe2 Rc1+ 24. Rd1 Qc3+
$19) 22... Qc3+ 23. Ke2 Rc4 $1 24. g4 (24. Qf4 $5) 24... Nxe5 25. Bxe5 Qxe5 26.
Rd4 Qe6 (26... Rc2+ 27. Kd3 $1 $13) 27. Bg2 Ng3+ $1 $19 28. Kd3 (28. Qxg3 Rxd4
$19) 28... Rxd4+ 29. Kxd4 (29. exd4 Qa6+) 29... Qd7+ 30. Kc5 Nxh1 31. Qa8+ Qd8
32. Bc6+ Ke7 33. Qb7+ Kf8 34. Bxh1 Qe7+ 35. Qxe7+ Kxe7 36. Kb5 Rd8 37. Kxa5 Rd2
0-1

[Event "Odorheiu Secuiesc"]
[Site "Odorheiu Secuiesc"]
[Date "1993.??.??"]
[Round "11"]
[White "Wells, Peter K"]
[Black "Rogozenco, Dorian"]
[Result "1-0"]
[WhiteElo "2485"]
[BlackElo "2480"]
[Annotator "Belov,I"]
[PlyCount "109"]
[EventDate "1993.05.??"]
[EventType "tourn"]
[EventRounds "11"]
[EventCountry "ROU"]
[EventCategory "12"]
[SourceTitle "CBM 036"]
[Source "ChessBase"]
[SourceDate "1993.10.01"]
[SourceVersion "1"]
[SourceVersionDate "1993.10.01"]
[SourceQuality "1"]

1. d4 d5 2. c4 c6 3. Nc3 Nf6 4. e3 a6 5. Nf3 b5 6. b3 (6. cxd5 cxd5 7. Bd2 (7.
Bd3 e6 8. O-O Bd6 9. Qe2 Bb7 10. Bd2 O-O 11. Ne5 Ne4 12. f4 f6 $13 {Lputian,
S-Skembris,S Debrecen 1992 Inf 56/417/}) 7... e6 8. Bd3 Bd6 9. O-O Nbd7 10. Ne2
Ne4 11. a4 b4 12. a5 O-O (12... Bb7 13. Qa4 Nxd2 14. Nxd2 $14 {Gurevich,
M-Bareev,E BRD 1992 Inf 54/359/}) 13. Ng3 Nxd2 14. Nxd2 f5 $10 {Chernin,
A-Rogozenko,D Odorheiu Sec 1993/}) 6... Bg4 7. Be2 (7. h3 Bxf3 8. gxf3 (8. Qxf3
e5 $1) 8... Nbd7 9. f4 e6 10. c5 Ng8 $146 (10... g6 11. Bb2 a5 12. Qc2 Bg7 13.
O-O-O $14 {Sakaev,K-Rublevsky,S S-Peterburg 1993 Inf 56/420/}) 11. Bb2 Ne7 12.
a4 Nf5 13. axb5 axb5 14. Na2 $1 g6 15. Nb4 $14 {Bareev,E-Shirov,A Munchen 1993/
}) 7... Nbd7 8. O-O e6 9. Bb2 $5 $146 (9. h3 Bh5 10. Ne5 Bxe2 11. Nxe2 dxc4 $1
12. Nxd7 Qxd7 13. bxc4 c5 14. Bb2 cxd4 15. Bxd4 bxc4 $10 {Neverov,V-Komljakov,
V Nikolaev 1993/}) 9... Bd6 (9... Be7 $5 10. Ne5 Bxe2 11. Nxe2 Nxe5 12. dxe5
Nd7 13. cxd5 cxd5 14. Nd4 $14) 10. Ne5 (10. h3 $5 Bh5 11. Ne5) 10... Bxe2 11.
Nxe2 $14 Rc8 (11... Bxe5 $6 12. dxe5 Ng4 13. h3 Ngxe5 14. f4 Ng6 15. Bxg7 $16)
12. Rc1 O-O 13. Nf4 Qa5 $6 (13... Re8 14. Nfd3 Bf8) 14. Nfd3 Rfe8 15. Bc3 Qd8
16. Bb4 Bxb4 (16... Bb8 $2 17. cxd5 cxd5 18. Nc6 Qb6 19. Ne7+ $18) 17. Nxb4
Nxe5 $6 (17... Nb8 18. Rc2 (18. cxd5 cxd5 19. Nbc6 Nxc6 20. Nxc6 Qd7 $10) 18...
Qb6 19. Nbd3 Nbd7 20. Qc1 $14) 18. dxe5 Nd7 19. cxd5 Nxe5 $8 (19... cxd5 20.
Nc6 Qg5 (20... Qb6 21. Ne7+ $18) 21. f4 Qh4 22. g3 Qh3 23. Ne7+ $18) 20. Nxc6
Nxc6 21. dxc6 Qxd1 22. Rfxd1 $16 Rc7 23. f4 Kf8 (23... Rec8 24. Rd6 Kf8 25. e4
Ke7 26. e5 $16) 24. Rc5 Rec8 25. Rdc1 f5 (25... Ke7 26. e4 Kd6 27. e5+ $16) 26.
e4 $1 fxe4 27. Kf2 Ke7 28. Ke3 Kd6 29. Kxe4 Rxc6 30. Rxc6+ Rxc6 31. Rxc6+ Kxc6
32. b4 $1 $18 Kd6 33. Kd4 Kc6 34. Ke5 Kd7 35. Ke4 Kd6 36. Kd4 Kc6 37. Ke5 Kd7
38. g4 Ke7 39. h4 Kd7 40. Ke4 (40. h5 Ke7 41. a3 h6 42. g5 $18) 40... Kd6 41.
h5 Kd7 42. Ke5 Ke7 43. a3 Kf7 (43... Kd7 44. h6 gxh6 45. Kf6 Kd6 46. Kg7 Kd5
47. Kxh7 Ke4 48. Kxh6 Kxf4 49. g5 $18) 44. Kd6 Kf6 45. Kc6 e5 46. fxe5+ Kxe5
47. Kb6 Kf4 48. Kxa6 Kxg4 49. Kxb5 Kxh5 50. Kc4 $1 g5 51. b5 g4 52. Kd3 Kh4 53.
b6 g3 54. Ke2 Kh3 55. b7 (55. b7 g2 56. Kf2 Kh2 57. b8=Q+ $18) 1-0